10 Most Common Birthdays - Statistics

General Stats
  • This quiz has been taken 28 times
  • The average score is 7 of 10
Answer Stats
Answer % Correct
September 9
92%
September 10
80%
September 12
80%
September 16
80%
September 15
72%
September 7
72%
September 17
68%
September 18
68%
September 19
64%
September 20
64%
No matching quizzes found
Score Distribution
Percent of People with Each Score
Percentile by Number Answered
Your Score History
You have not taken this quiz